| 000 | 00458cam a2200193ua 4500 | ||
|---|---|---|---|
| 001 | 5463 | ||
| 005 | 20260515113906.0 | ||
| 008 | 150223n ii |||gr||||Z||||||eng | ||
| 040 | _cMAIN | ||
| 041 | _aeng | ||
| 082 | _a826 | ||
| 100 |
_aJoshi, Suresh, _eAuthor, |
||
| 245 |
_aCrumpled letter _cby Suresh Joshi |
||
| 250 | _a1st. | ||
| 260 |
_aChennai: _bMacmillan india limited, _c1998. |
||
| 300 |
_a83p: _c23cm. |
||
| 653 | _aEnglish letters | ||
| 942 | _cBK | ||
| 999 |
_c4639 _d4639 |
||